Top 10 Manchester United Goalscorers - Statistics

General Stats
  • This quiz has been taken 53,834 times
    49,230 since last reset
  • The average score is 4 of 10
Answer Stats
# Goals Tenure Player % Correct
253 2004–2017 Wayne Rooney
98%
168 1991–2014 Ryan Giggs
73%
249 1956–1973 Bobby Charlton
70%
155 1994–2011 2012–2013 Paul Scholes
63%
179 1963–1974 George Best
58%
237 1962–1973 Denis Law
35%
163 1983–1986 1988–1995 Mark Hughes
23%
179 1952–1962 Dennis Viollet
8%
211 1937–1955 Jack Rowley
6%
168 1919–1933 Joe Spence
5%
No matching quizzes found
Score Distribution
Percent of People with Each Score
Percentile by Number Answered
Your Score History
You have not taken this quiz since the last reset